000 00455nam a2200181Ia 4500
001 8676
005 20260306160627.0
008 260306t2009||||xx |||||||||||||| ||spa||
041 _aESP
082 _a371.3
_bA154
100 _aAnijovich, Rebeca
_eAUT
245 0 _aEstrategias de enseñanza:
_botra mirada al quehacer en el aula
260 _c2009
300 _a126 páginas :
_c26 cm.
650 _aGEN
654 _aCED
942 _cLIB
_dJUS
_fJUS
_2ddc
_n
999 _c8676
_d8676